000 02126cam a22005414i 4500
003 PE-LiUPU
005 20250731180129.0
008 150625s r 000 0 d
020 _a0 534 37996 6
035 _a(Sirsi) i9780534379964
040 _aPE-LiUPU
_bspa
_cPE-LiUPU
_erda
049 _aPRUA
082 0 4 _a532
_bP79
_221
100 1 _aPotter, Merle C.,
_eautor.
245 1 0 _aMecánica de fluidos /
_cMerle C. Potter.
250 _a3a
264 1 _aMéxico, DF :
_bThomson,
_c2003.
300 _a769 páginas :
_bilustraciones, tablas, fotos, diágramas gráficos ;
_c26 centímetros
336 _atext
_2rdacontent
337 _aunmediated
_2rdamedia
338 _avolume
_2rdacarrier
504 _aIncluye bibliografía.
505 0 _aConsideraciones básicas. -Estáticas de fluidos. -Introducción al movimiento de los fluidos. -Formas integrales de las leyes fundamentales. -Formas diferenciales de las leyes fundamentales. -Análisis dimensional y similitud. -Flujos internos. -Flujos externos. -Flujo comprensible. -Flujo en canales abiertos. -Flujos en tuberías. -Turbo maquinaria. -Mediciones en mecánica de fluidos. -Mécánicas de fluidos ambiental. -Dinámica de fluidos computacinal.
526 _aSEG44
526 _aSEG26
526 _aP159
526 _aP155
526 _aP154
526 _aP153
526 _aP150
526 _aP100
526 _aP31
526 _aP30
526 _aP26
526 _aP25
526 _aP24
526 _aP22
526 _aP15
526 _aP10
541 _g001-021496;
650 0 4 _aMecánica de fluidos.
910 _bnm
_caj
_d20050225
942 _2ddc
_cBOOK
949 _a532 P79
_wDEWEY
_c1
_i53702
_d2016-5-31
_e2016-5-24
_lCCODEBUL1
_mBUL
_n5
_p34.00
_r0
_sY
_tBOOK
_u2015-6-25
_xINGENIERIA
_zUNKNOWN
_0COMPRA
_o.STAFF. Colección General
994 _aC0
_bPEPRU
596 _a1
999 _a532 P79
_wDEWEY
_c43835
_i53702
_d43835
_e2020-1-9
_f2021-11-9
_g7
_lCCODEBUL1
_mBUL
_n9
_p34.00
_q6
_r0
_sY
_tBOOK
_u2015-6-25
_xINGENIERIA
_zUNKNOWN
_0COMPRA
_o.STAFF. Colección General
980 _81
_gALBERTO SANCHEZ Responsable de Automatización